Statistics for Los Angeles Lakers 20 Points Per Game Players

Click here to take the quiz!

General Stats

  • This quiz has been taken 208 times
    (172 since last reset)
  • The average score is 13 of 17

Answer Stats

#PlayersLast% Correct
14Kobe Bryant2013
100%
6LeBron James2024
99%
8Shaquille O'Neal2004
98%
4Anthony Davis2024
97%
11Kareem Abdul-Jabbar1986
97%
12Jerry West1973
96%
11Elgin Baylor1970
92%
4James Worthy1991
92%
3Magic Johnson1990
91%
5George Mikan1953
85%
2Wilt Chamberlain1971
80%
1Byron Scott1988
62%
4Gail Goodrich1975
61%
3Jamaal Wilkes1982
46%
2Cedric Ceballos1996
39%
2Clyde Lovellette1957
18%
1Happy Hairston1970
17%

Score Distribution

Percentile by Number Answered

Percent of People with Each Score

Your Score History

You have not taken this quiz since the last reset